| 000 | 00621nam a22001575i 4500 | ||
|---|---|---|---|
| 001 | 166876 | ||
| 003 | ES-MaACL | ||
| 005 | 20230906213424.0 | ||
| 008 | 991026s1882 sp |||| | spa d | ||
| 040 |
_aCCPB | B _bspa _cCCPB | B |
||
| 100 | 1 |
_aValdivia y Ruiz-Bejarano, Ildefonso. _9133497 |
|
| 245 | 1 | 0 |
_aEsther _b: drama biblico y lirico en cinco actos y en verso / _coriginal de Ildefonso Valdivia y Ruiz-Bejarano. |
| 260 |
_aSevilla : _b[s.n.], _c1882 ( _fEstablecimiento Tipográfico del CĂrculo Liberal) |
||
| 300 |
_a86 p. ; _c21 cm. |
||
| 852 |
_aES-MaACL _jT-368-F-4 _z-- Enc. hol. _z-- Enc. en un vol. facticio |
||
| 999 |
_c166876 _d166876 |
||